Changing conditions of imperial defence, (Record no. 552303)
[ view plain ]
| 000 -LEADER | |
|---|---|
| fixed length control field | 00816cam a22001931 4500 |
| 082 ## - DEWEY DECIMAL CLASSIFICATION NUMBER | |
| Classification number | 355.47 |
| Author Mark | COL |
| 100 1# - MAIN ENTRY--PERSONAL NAME | |
| Personal name | Cole, D. H. |
| 9 (RLIN) | 48854 |
| 245 10 - TITLE STATEMENT | |
| Title | Changing conditions of imperial defence, |
| Remainder of title | essays on military geography |
| Statement of responsibility, etc. | by Capt. D. H. Cole, M.B.E. |
| 260 ## - PUBLICATION, DISTRIBUTION, ETC. | |
| Place of publication, distribution, etc. | London, |
| Name of publisher, distributor, etc. | S. Praed & Co., ltd., |
| Date of publication, distribution, etc. | 1930. |
| 300 ## - PHYSICAL DESCRIPTION | |
| Extent | vii, 183 p. |
| Other physical details | fold. map. |
| Dimensions | 22 cm. |
| 500 ## - GENERAL NOTE | |
| General note | Errata slip inserted. |
| 505 0# - FORMATTED CONTENTS NOTE | |
| Formatted contents note | Man power.--Material resources of the Empire.--The United States and sea power.--France and Italy and sea power in the Mediterranean.--Great Britain and the Indian Ocean.--Japan and the Pacific.--The changing scene. |
| 526 ## - STUDY PROGRAM INFORMATION NOTE | |
| Program name | 0 |
| Interest level | 0 |
| Reading level | 0 |
| Title point value | 355_470000000000000_COL |
| 650 #0 - SUBJECT ADDED ENTRY--TOPICAL TERM | |
| Topical term or geographic name entry element | Economic history |
| 650 #0 - SUBJECT ADDED ENTRY--TOPICAL TERM | |
| Topical term or geographic name entry element | MCE |
| 9 (RLIN) | 379 |
| 650 #0 - SUBJECT ADDED ENTRY--TOPICAL TERM | |
| Topical term or geographic name entry element | Military geography. |
| 9 (RLIN) | 48855 |
| 650 #0 - SUBJECT ADDED ENTRY--TOPICAL TERM | |
| Topical term or geographic name entry element | Sea-power. |
| 9 (RLIN) | 49341 |
| 942 ## - ADDED ENTRY ELEMENTS (KOHA) | |
| Source of classification or shelving scheme | |
| Koha item type | Book |
| Withdrawn status | Lost status | Source of classification or shelving scheme | Damaged status | Not for loan | Permanent Location | Current Location | Shelving location | Date acquired | Total Checkouts | Full call number | Barcode | Date last seen | Price effective from | Koha item type |
|---|---|---|---|---|---|---|---|---|---|---|---|---|---|---|
| Military College of Engineering (MCE) | Military College of Engineering (MCE) | 01/13/2015 | 355.47 COL | MCE-ECC18 | 01/13/2015 | 01/13/2015 | Book |
